Loading...
| Current Events | 2 | 10.00 | 100% | 0% | 0% |
| Fine Arts - Classical Music | 5 | 4.00 | 40% | 0% | 0% |
| Fine Arts - Other | 3 | 10.00 | 100% | 0% | 0% |
| Fine Arts - Painting and Sculpture | 3 | 6.67 | 67% | 0% | 0% |
| History - American | 2 | 20.00 | 100% | 100% | 0% |
| History - European | 4 | 10.00 | 75% | 25% | 0% |
| History - Other | 1 | 0.00 | 0% | 0% | 0% |
| Literature - American | 2 | 10.00 | 100% | 0% | 0% |
| Literature - British | 1 | 20.00 | 100% | 100% | 0% |
| Literature - European | 4 | 5.00 | 50% | 0% | 0% |
| Literature - World | 3 | 3.33 | 33% | 0% | 0% |
| Philosophy | 4 | 7.50 | 75% | 0% | 0% |
| Pop Culture | 2 | 15.00 | 50% | 50% | 50% |
| Religion | 2 | 5.00 | 50% | 0% | 0% |
| Science - Biology | 3 | 6.67 | 67% | 0% | 0% |
| Science - Chemistry | 2 | 0.00 | 0% | 0% | 0% |
| Science - Other | 2 | 5.00 | 50% | 0% | 0% |
| Science - Physics | 3 | 10.00 | 100% | 0% | 0% |
| Social Science | 2 | 0.00 | 0% | 0% | 0% |